NORMAS Y PROCEDIMIENTOS DE AUDITORIA (Registro nro. 28659)
[ vista simple ]
| 000 -LEADER | |
|---|---|
| fixed length control field | 00472nam a2200181 a 4500 |
| 001 - CONTROL NUMBER | |
| control field | 28659 |
| 005 - DATE AND TIME OF LATEST TRANSACTION | |
| control field | 20180713231602.0 |
| 008 - FIXED-LENGTH DATA ELEMENTS--GENERAL INFORMATION | |
| fixed length control field | 140415s1990 mx 000 0 spa d |
| 020 ## - INTERNATIONAL STANDARD BOOK NUMBER | |
| International Standard Book Number | 9686037195 |
| 041 ## - LANGUAGE CODE | |
| Language code of text/sound track or separate title | spa |
| 082 ## - DEWEY DECIMAL CLASSIFICATION NUMBER | |
| Classification number | 657.45 |
| Item number | IMCP |
| 110 2# - MAIN ENTRY--CORPORATE NAME | |
| Corporate name or jurisdiction name as entry element | Instituto Mexicano de Contadores Públicos,. |
| 245 10 - TITLE STATEMENT | |
| Title | NORMAS Y PROCEDIMIENTOS DE AUDITORIA |
| 250 ## - EDITION STATEMENT | |
| Edition statement | 1a ed. |
| 260 ## - PUBLICATION, DISTRIBUTION, ETC. | |
| Place of publication, distribution, etc. | MEXICO : |
| Name of publisher, distributor, etc. | IMCP, |
| Date of publication, distribution, etc. | 1990 |
| 520 ## - SUMMARY, ETC. | |
| Summary, etc. | CG |
| 650 14 - SUBJECT ADDED ENTRY--TOPICAL TERM | |
| Topical term or geographic name entry element | AUDITORIA |
| Withdrawn status | Lost status | Source of classification or shelving scheme | Damaged status | Not for loan | Collection code | Home library | Current library | Shelving location | Date acquired | Source of acquisition | Total Checkouts | Full call number | Barcode | Price effective from | Koha item type | Inventory number | Date last seen |
|---|---|---|---|---|---|---|---|---|---|---|---|---|---|---|---|---|---|
| Dewey Decimal Classification | General | Biblioteca Karol Wojtyla | Biblioteca Karol Wojtyla | Sala general | 03/12/2013 | Compra | 657.45 INS | 43292 | 03/12/2013 | Libro | 151000000000000000021068 | 05/01/2026 | |||||
| Descarte | Dewey Decimal Classification | General | Tehuacán | Tehuacán | Sala general | 03/12/2013 | Compra | 657.45 IMCP | 502368 | 03/12/2013 | Libro | ||||||
| Descarte | Dewey Decimal Classification | General | Tehuacán | Tehuacán | Sala general | 03/12/2013 | Compra | 657.45 IMCP | 502359 | 03/12/2013 | Libro |